| 000 | 01504nam0a22003131 4500 | ||
|---|---|---|---|
| 001 | v19\rc\1850647 | ||
| 005 | 20260406091221.0 | ||
| 035 | _a(NLR Aleph) 005258660 | ||
| 090 |
_a5878631 _c5878631 |
||
| 100 | _a20080221d1909 |||y0rusy50 ca | ||
| 101 | 0 | _arus | |
| 102 | _aRU | ||
| 105 | _ay z |||e| | ||
| 200 | 1 |
_aПисьма о. Михаила Диева к И.М. Снегиреву _fС предисл. действ. чл. А.А. Титова |
|
| 210 |
_aМосква _cО-во истории и древностей рос. при Моск. ун-те _d1909 |
||
| 215 |
_a64 с. _d28 |
||
| 300 | _aВ изд. включено только 6 писем Диева, остальные письма принадлежат И.М. Снегиреву | ||
| 532 | 1 | 0 | _aПисьма отца Михаила Диева к Ивану Михайловичу Снегиреву |
| 700 | 1 |
_aДиев _bМ. Я. _f1794-1866 _gМихаил Яковлевич |
|
| 702 | 1 |
_4660 _7ca _8rus _aСнегирев _bИ. М. _f1793-1868 _gИван Михайлович _942942 _3RU\NLR\AUTH\7760011 |
|
| 702 | 1 |
_4650 _7ca _8rus _aТитов _bА. А. _cписатель, археограф _f1844-1911 _gАндрей Александрович _920786 _3RU\NLR\AUTH\7737798 |
|
| 801 | 0 |
_aRU _bNLR _c20080221 _gpsbo |
|
| 801 | 0 |
_aRU _bRuMoRGB _c20080221 _2psbo |
|
| 801 | 1 |
_aRU _bProSoft-M _c20080221 _2rusmarc |
|
| 801 | 2 |
_aRU _bNLR _c20111216 _2rusmarc |
|
| 852 |
_aNLR _j34.87.3.385 |
||
| 852 |
_aNLR _j103/484 |
||
| 942 | _cBOOK | ||
| 980 | _aNB | ||